| 000 | 00493nam a2200193Ia 4500 | ||
|---|---|---|---|
| 008 | 160819s9999 xx 000 0 und d | ||
| 050 | _aCUL TX 714 | ||
| 050 | _b.M36 1996 | ||
| 245 | _aMama Sita's cook-book / | ||
| 245 | _cby Marigold Commodities Corporation. | ||
| 250 | _a16th Edition | ||
| 260 | _aQuezon City : | ||
| 260 | _bProgressive Printing Palac, Inc., | ||
| 260 | _c1996 | ||
| 300 | _a86 pages : | ||
| 300 | _billustrations ; | ||
| 300 | _c23 cm. | ||
| 650 | _aCooking. | ||
| 999 |
_c300661 _d300661 |
||